El combate imaginario

Furkejuvvon:
Bibliográfalaš dieđut
Váldodahkkit: Riquer, Martín de (Dahkki), Vargas Llosa, Mario (Dahkki)
Materiálatiipa: Girji
Giella:espánnjágiella
Almmustuhtton: Barcelona Barral 1972
Ráidu:Breve Biblioteca de Respuesta
Fáttát:
Fáddágilkorat: Lasit fáddágilkoriid
Eai fáddágilkorat, Lasit vuosttaš fáddágilkora!

MARC

LEADER 00000nam a2200000 a 4500
001 UCT6767
003 CL-VaPUC
005 20211013172148.0
008 970113e19720000SP |||||||||||||||||spa|d
999 |c 255443  |d 255441 
040 |c Pontificia Universidad Católica de Valparaíso 
082 0 4 |a 866  |b RIQ  |2 21 
100 0 |a Riquer, Martín de  |e author  |9 377006 
245 1 3 |a El combate imaginario 
246 1 4 |a Las cartas de batalla de Joanot Martorell 
260 |a Barcelona  |b Barral  |c 1972 
300 |a 145 p 
490 0 |a Breve Biblioteca de Respuesta 
583 |a last modification  |c 19970113 00:00:00  |k Rodrigo Vera 
600 |a Martorell, Joanot,  |d 1410-1468  |9 863448 
650 7 |a CORRESPONDENCIAS  |2 CL-VaPUC  |9 256500 
650 0 |a Edad media  |9 258041 
650 0 |a Crítica e interpretación   |9 255042 
700 0 |a Vargas Llosa, Mario  |e author  |9 318800 
942 |c BK  |2 ddc 
945 |d 19970113 00:00:00  |a nastorga 
952 |0 0  |1 0  |4 0  |6 866_000000000000000_RIQ_1972  |7 0  |8 A  |9 277674  |a BIBEDU  |b BIBEDU  |d 2019-11-19  |i 3271501  |o 866 RIQ 1972  |p 3271501  |r 2019-11-19  |w 2019-11-19  |y BK  |k LIT